<?xml version="1.0" encoding="UTF-8"?>
<record
    xmlns:xsi="http://www.w3.org/2001/XMLSchema-instance"
    xsi:schemaLocation="http://www.loc.gov/MARC21/slim http://www.loc.gov/standards/marcxml/schema/MARC21slim.xsd"
    xmlns="http://www.loc.gov/MARC21/slim">

  <leader>00628nam a22002057a 4500</leader>
  <controlfield tag="005">20241015110856.0</controlfield>
  <controlfield tag="008">241015b        sa ||||e |||| 00| 0 eng d</controlfield>
  <datafield tag="020" ind1=" " ind2=" ">
    <subfield code="a">9780747267478</subfield>
    <subfield code="q">pbk</subfield>
  </datafield>
  <datafield tag="040" ind1=" " ind2=" ">
    <subfield code="a">RDA</subfield>
    <subfield code="c">2000</subfield>
  </datafield>
  <datafield tag="041" ind1=" " ind2=" ">
    <subfield code="2">E</subfield>
  </datafield>
  <datafield tag="082" ind1=" " ind2=" ">
    <subfield code="a">EF BARK</subfield>
    <subfield code="b">A124337</subfield>
  </datafield>
  <datafield tag="100" ind1=" " ind2=" ">
    <subfield code="a">Barker , Raffeaella</subfield>
    <subfield code="9">189872</subfield>
  </datafield>
  <datafield tag="245" ind1=" " ind2=" ">
    <subfield code="a">Green Grass /</subfield>
    <subfield code="c">Barkeer , Raffaella</subfield>
  </datafield>
  <datafield tag="260" ind1=" " ind2=" ">
    <subfield code="a">London : </subfield>
    <subfield code="b">Review , </subfield>
    <subfield code="c">c2002</subfield>
  </datafield>
  <datafield tag="300" ind1=" " ind2=" ">
    <subfield code="a">376 Pages,</subfield>
    <subfield code="c">20 cm</subfield>
  </datafield>
  <datafield tag="500" ind1=" " ind2=" ">
    <subfield code="a">"I love Raffaela Barkers books -so funny and acerbic"
-Maggie O'Farrell</subfield>
  </datafield>
  <datafield tag="650" ind1=" " ind2="0">
    <subfield code="2">LOC</subfield>
    <subfield code="9">188604</subfield>
    <subfield code="a">Adult Fiction</subfield>
  </datafield>
  <datafield tag="655" ind1=" " ind2="0">
    <subfield code="9">188631</subfield>
    <subfield code="a">Light Romance Fiction</subfield>
  </datafield>
  <datafield tag="942" ind1=" " ind2=" ">
    <subfield code="2">lcc</subfield>
    <subfield code="c">BOOK</subfield>
    <subfield code="w">12584</subfield>
    <subfield code="x">Sanelisiwe Majola</subfield>
    <subfield code="y">12584</subfield>
    <subfield code="z">Sanelisiwe Majola</subfield>
  </datafield>
  <datafield tag="999" ind1=" " ind2=" ">
    <subfield code="c">768990</subfield>
    <subfield code="d">768989</subfield>
  </datafield>
  <datafield tag="952" ind1=" " ind2=" ">
    <subfield code="0">0</subfield>
    <subfield code="1">0</subfield>
    <subfield code="2">lcc</subfield>
    <subfield code="4">0</subfield>
    <subfield code="7">0</subfield>
    <subfield code="a">KLIPL</subfield>
    <subfield code="b">KLIPL</subfield>
    <subfield code="c">FIC</subfield>
    <subfield code="d">2024-10-15</subfield>
    <subfield code="l">0</subfield>
    <subfield code="o">EF BARK </subfield>
    <subfield code="p">137645</subfield>
    <subfield code="r">2024-10-15</subfield>
    <subfield code="w">2024-10-15</subfield>
    <subfield code="y">BOOK</subfield>
  </datafield>
</record>
